| 000 | 00609nam a2200193 a 4500 | ||
|---|---|---|---|
| 005 | 20140412111250.0 | ||
| 008 | 000818s19uu xx 00 eng d | ||
| 020 | _a0-590-47942-3 | ||
| 050 |
_aTR(PS E _bLi72 |
||
| 100 | _aLionni, Leo | ||
| 245 |
_aLittle blue and little yellow / _cLeo Lionni. |
||
| 260 |
_aNew York : _bScholastic Inc, _c1959. |
||
| 300 | _a1 v. (unp.) ; ill. | ||
| 520 | _aLittle blue and little yellow are best friends. When they hug each other, something special happens! | ||
| 650 | _aColors--Fiction | ||
| 650 | _aColours mixing | ||
| 650 | _aChildren stories | ||
| 999 |
_c103123 _d103123 |
||